000 00693nam a2200265Ia 4500
003 OSt
005 20221007110454.0
006 a|||||r|||| 00| 0
007 ta
008 221006b |||||||| |||| 00| 0 eng d
020 _a058248085X
024 _a21,200
037 _cTextual
040 _aLCO
_cLCO
_beng
041 _2eng
_aeng
082 _aY11:45, L5
100 _aMays John Barron Ed.
_9284114
245 0 _aSocial Treatment of Young offenders
260 _aLondon
_bLongman U.K.
_c1975
300 _a331
500 _aA Reader
650 _aYOUNG OFFENDERS
_9707539
942 _hY11:45, L5
_cTEXL
999 _c1190763
_d1190763